Diseño participativo para proyectar viviendas productivas sostenibles en Isla Chira
Uloženo v:
| Hlavní autor: | |
|---|---|
| Další autoři: | , , |
| Médium: | Neznámo |
| Jazyk: | Spanish |
| Vydáno: |
[San José, Costa Rica]
2011
|
| Témata: | |
| Tagy: |
Přidat tag
Žádné tagy, Buďte první, kdo vytvoří štítek k tomuto záznamu!
|
MARC
| LEADER | 00000 a2200000 4500 | ||
|---|---|---|---|
| 003 | EA0010 | ||
| 005 | 20230208151922.0 | ||
| 008 | 140114s2011 cr a 000 ||spa d | ||
| 040 | |c cru CEDI | ||
| 090 | |a TFG EA-010 | ||
| 100 | |a Fallas Yamashita, Yashiko |9 19925 | ||
| 245 | |a Diseño participativo para proyectar viviendas productivas sostenibles en Isla Chira | ||
| 260 | |c 2011 |a [San José, Costa Rica] | ||
| 500 | |a Seminario de graduación (licenciatura en arquitectura)--Universidad de Costa Rica. Facultad de Ingeniería. Escuela de Arquitectura, | ||
| 501 | |a Director del proyecto: Dr Arq. José Enrique Garnier Zamora | ||
| 650 | |x VIVIENDAS |x DISENO Y CONSTRUCCION |x PARTICIPACION COMUNITARIA |x ARQUITECTURA SOSTENIBLE |9 19928 | ||
| 700 | |9 19926 |a Gutiérrez Hernández, Ana Yudel | ||
| 700 | |9 19927 |a Sáenz Castro, Alejandro | ||
| 700 | |9 72 |a Garnier Zamora, José Enrique, 1957- |d Director del TFG | ||
| 942 | |c CEDI | ||
| 999 | |c 12847 |d 12847 | ||
